00757nam a2200241 a 4500001001300000003000900013005001700022008004100039020002500080082002100105100002000126245006300146260005000209300000900259500003500268505000600303650002200309700002000331902000800351942000700359952013400366999001500500nice12345678IN_TiNIC20260116013105.0050524s1995 cama grp 000 0 eng  a0521557 c838.700a305.4095694bMOO aMoors, Annelies aWomen, Poverty and Islamb Palestine Experiences 1920-1990 aCambridge bCambridge University Press c1995 a274p aincludes index and biblioraphy2 a7 aWomen-Palestenian1 aMoors, Annelies bSRS cBK 001040708StackRoom-aHMIbHMId2007-10-30g838.70l1o305.4095694 MOOp017062r2017-09-19s2017-09-14v838.70w2005-05-24yBK c9616d9616